Introduccin̤ a la economa̕ ciň preguntas clave y sus respuestas /

Detalles Bibliográficos
Autor principal: Caro Carretero, Raquel
Formato: Libro
Lenguaje:español
Publicado: Madrid : Dykinson, 1997
Colección:Cien preguntas clave y sus respuestas ; 10
Materias:
Acceso en línea:Acceso restringido

MARC

LEADER 00000nam a2200000 a 4500
005 2012022804194.0
007 cr|||| ||||
008 970430s1996 sp |||||| 000 ||spa|c
020 |a 8481551988 
035 |a 2741 
040 |d vLex 
090 |c 3042  |d 3042 
100 1 |a Caro Carretero, Raquel 
245 1 0 |a Introduccin̤ a la economa̕   |h [Recurso electrn̤ico] :  |b ciň preguntas clave y sus respuestas /  |c Raquel Caro Carretero 
256 |a Servicio en ln̕ea 
260 |a Madrid :  |b Dykinson,  |c 1997 
300 |a 1 recurso electrn̤ico 
500 |a Este libro, enmarcado en la coleccin̤ "Cien Preguntas Clave y sus respuestas", intenta ofrecer, de una forma sencilla y clara, una exposicin̤ general sobre la Economa̕, en sus diferentes aspectos y facetas. Como todo libro "Cien preguntas" pretende un doble objetivo: - ofrecer respuestas (aisladas) a las preguntas ms̀ usuales que cualquier persona se formula sobre la Economa̕. De esta manera, casa pregunta puede ser led̕a con independencia de las dems̀ - al mismo tiempo, ofrecer un estudio completo y sistemt̀ico (aunque resumido) de la materia econm̤ica. Por ello, quien lo desee, puede leer el libro completo como un manual. El libro se estructura en 100 preguntas la mayora̕, muy amplias) que reciben contestaciones suficientemente detalladas como para que el conjunto de todas ellas aporte un alto nivel informativo al lector. ¿A quiň va destinado este libro? Este libro va destinado a cualquier persona que desee obtener un conocimiento general de la Economa̕, de la actividad econm̤ica y de la terminologa̕ econm̤ica.  
506 1 |a Contenido solo disponible en los productos indicados  |d vLex Global   |d vLex Global (Academic Edition, excluding Law Schools)   |d vLex Global (U.S. Academic Edition, Law Schools)   |d vLex Global (U.S. Academic Edition, excluding Law Schools)   |d vLex Global (Academic Edition, Law Schools)  
650 0 4 |a Economa̕ 
740 0 |a vLex Libros (Servicio en ln̕ea) 
830 0 |a Cien preguntas clave y sus respuestas ;  |v 10 
856 4 0 |u http://vlex.com/source/introduccion-economia-preguntas-clave-2741  |z Acceso restringido 
942 |c BOOK